000 00257 a2200085 4500
100 1 _aTrejer, V.V..
_eAutor
245 0 _aElektrochimiceskie pribory /
_cTrejer V.V..
710 2 _aSovetskoe Radio.
_eWydawca
_4pbl
260 _aMoskva :
_bSovetskoe Radio,
_c1978.
300 _a86 s.;
_c24 cm.
999 _c12697
_d12697